<?xml version="1.0" encoding="UTF-8"?>
<collection xmlns="http://www.loc.gov/MARC21/slim">
<record>
  <controlfield tag="001">155427</controlfield>
  <controlfield tag="005">20250516084504.0</controlfield>
  <datafield tag="037" ind1=" " ind2=" ">
    <subfield code="a">TAZ-TFG-2022-4828</subfield>
  </datafield>
  <datafield tag="041" ind1=" " ind2=" ">
    <subfield code="a">spa</subfield>
  </datafield>
  <datafield tag="100" ind1="1" ind2=" ">
    <subfield code="a">Gil Domínguez, Álvaro</subfield>
  </datafield>
  <datafield tag="242" ind1="0" ind2="0">
    <subfield code="a">Influence of cognitive flexibility in army pilots.</subfield>
  </datafield>
  <datafield tag="245" ind1="0" ind2="0">
    <subfield code="a">Influencia de la flexibilidad cognitiva en pilotos del Ejército de Tierra.</subfield>
  </datafield>
  <datafield tag="260" ind1=" " ind2=" ">
    <subfield code="a">Zaragoza</subfield>
    <subfield code="b">Universidad de Zaragoza</subfield>
    <subfield code="c">2022</subfield>
  </datafield>
  <datafield tag="506" ind1=" " ind2=" ">
    <subfield code="a">by-nc-sa</subfield>
    <subfield code="b">Creative Commons</subfield>
    <subfield code="c">3.0</subfield>
    <subfield code="u">http://creativecommons.org/licenses/by-nc-sa/3.0/</subfield>
  </datafield>
  <datafield tag="520" ind1=" " ind2=" ">
    <subfield code="a">La flexibilidad cognitiva se define como la capacidad de adaptar nuestro pensamiento a &lt;br />situaciones novedosas, cambiantes o inesperadas. Se trata de un proceso cognitivo muy &lt;br />presente en el día a día de cualquier persona, y la mayoría de las veces se produce de forma &lt;br />automática. La posibilidad de cambiar de tarea y ser flexible en la toma de decisiones es un &lt;br />aspecto fundamental para cualquier piloto de las Fuerzas Armadas, y más en particular en pilotos &lt;br />de helicóptero.&lt;br />En el Ejército de Tierra concretamente, los pilotos de helicóptero son adiestrados para &lt;br />desarrollar su trabajo en multitud de escenarios: vuelos tácticos, condiciones meteorológicas &lt;br />cambiantes, condiciones hostiles, de incertidumbre o transporte sanitario de civiles y militares en &lt;br />cualquier tipo de contexto. Un piloto debe estar preparado para cualquier tipo de cambio en la &lt;br />misión o escenario, dado que actualmente y más en concreto en las Fuerzas Armadas, se está &lt;br />permanentemente en un ambiente denominado VUCA (volátil, incierto, complejo, ambiguo).&lt;br />En este trabajo, se pretende analizar la flexibilidad cognitiva como cualidad inherente al ser &lt;br />humano, así como otros procesos cognitivos asociados a la flexibilidad cognitiva como la &lt;br />memoria de trabajo, el control inhibitorio y la toma de decisiones. Posteriormente, se ha realizado &lt;br />un estudio de flexibilidad cognitiva en pilotos de helicóptero del Ejército de Tierra. Para poder &lt;br />llevar a cabo el estudio se ha realizado un test a una muestra de doce alumnos y otra de doce&lt;br />instructores de la Academia de Aviación del Ejército de Tierra (ACAVIET), el test de Stroop, &lt;br />mediante el cual se evalúan aspectos como la flexibilidad cognitiva, rigidez cognitiva, resistencia &lt;br />a la interferencia y cambio de set cognitivo entre otros.&lt;br />El objetivo principal del trabajo es investigar si aspectos como la edad, experiencia en vuelo &lt;br />o nivel académico son determinantes para tener mayor o menor flexibilidad cognitiva. Es decir, &lt;br />se plantea la cuestión de si a medida que una persona va obteniendo experiencia en vuelo, tiene &lt;br />más edad y más estudios, es más flexible cognitivamente; o, por el contrario, estos factores no &lt;br />influyen y quizá dicha flexibilidad es inherente a cada persona.&lt;br />Una vez obtenidos los resultados, se han contrastado mediante un sistema de corrección&lt;br />indicado por el propio test, y se han obtenido las conclusiones pertinentes. El principal resultado &lt;br />que se observa es que no existen diferencias significativas en el nivel de la flexibilidad cognitiva&lt;br />entre alumnos e instructores, por tanto, se puede concluir que no existen diferencias &lt;br />representativas en cuanto a flexibilidad cognitiva medida a través de la resistencia a la &lt;br />interferencia. Si bien es cierto, que por norma general el grupo de instructores tiene unas &lt;br />puntuaciones medias más elevadas que el grupo de alumnos en términos de flexibilidad &lt;br />cognitiva.&lt;br />En última instancia, el alcance pretendido del trabajo se restringe a las unidades de &lt;br />helicópteros del Ejército de Tierra, así como al resto de personal aeronáutico de las Fuerzas &lt;br />Armadas o del ámbito civil, siempre para aportar un mayor conocimiento acerca de las &lt;br />habilidades de un piloto y que se puede extrapolar a una mayor seguridad en vuelo. También, el &lt;br />estudio realizado podría servir como un primer paso para la instauración de un módulo de &lt;br />entrenamiento de la flexibilidad cognitiva dentro del plan de estudios de la Academia &lt;br />de Aviación del Ejército de Tierra.&lt;br />&lt;br /></subfield>
  </datafield>
  <datafield tag="521" ind1=" " ind2=" ">
    <subfield code="a">Graduado en Ingeniería de Organización Industrial</subfield>
  </datafield>
  <datafield tag="540" ind1=" " ind2=" ">
    <subfield code="a">Derechos regulados por licencia Creative Commons</subfield>
  </datafield>
  <datafield tag="700" ind1=" " ind2=" ">
    <subfield code="a">Lozano Albalate, María Teresa</subfield>
    <subfield code="e">dir.</subfield>
  </datafield>
  <datafield tag="700" ind1=" " ind2=" ">
    <subfield code="a">Alonso de Santocildes Marañón, Elisa</subfield>
    <subfield code="e">dir.</subfield>
  </datafield>
  <datafield tag="710" ind1="2" ind2=" ">
    <subfield code="a">Universidad de Zaragoza</subfield>
    <subfield code="b"> </subfield>
    <subfield code="c"></subfield>
  </datafield>
  <datafield tag="856" ind1="0" ind2=" ">
    <subfield code="f">791769@unizar.es</subfield>
  </datafield>
  <datafield tag="856" ind1="4" ind2=" ">
    <subfield code="s">1451527</subfield>
    <subfield code="u">http://zaguan.unizar.es/record/155427/files/TAZ-TFG-2022-4828.pdf</subfield>
    <subfield code="y">Memoria (spa)</subfield>
  </datafield>
  <datafield tag="909" ind1="C" ind2="O">
    <subfield code="o">oai:zaguan.unizar.es:155427</subfield>
    <subfield code="p">driver</subfield>
    <subfield code="p">tfg-tfm-cud</subfield>
    <subfield code="p">trabajos-fin-grado</subfield>
  </datafield>
  <datafield tag="950" ind1=" " ind2=" ">
    <subfield code="a"></subfield>
  </datafield>
  <datafield tag="980" ind1=" " ind2=" ">
    <subfield code="a">TAZ</subfield>
    <subfield code="b">TFG</subfield>
    <subfield code="c">CUD</subfield>
  </datafield>
  <datafield tag="999" ind1=" " ind2=" ">
    <subfield code="a">20221214210036.CREATION_DATE</subfield>
  </datafield>
  <datafield tag="951" ind1=" " ind2=" ">
    <subfield code="a">deposita:2025-05-16</subfield>
  </datafield>
</record>
</collection>